Pays par leurs 10 plus grandes villes - Amérique - Statistiques

Statistiques générales
  • Ce quiz a été pris 501 fois
  • Le résultat moyen est 6 sur 9
Réponses sur la Carte
Les réponses sont colorées sur une échelle allant du rouge au vert en fonction du pourcentage des utilisateurs qui les ont devinées à leur premier essai. Vous pouvez retrouver ces pourcentages ci-dessous.
 
Statistiques - réponses
Pays % Correct
1 Canada
83%
7 Chili
83%
4 Brésil
78%
9 Etats-Unis
69%
2 Argentine
67%
6 Pérou
66%
3 Cuba
62%
5 Mexique
62%
8 Colombie
58%
Aucun quiz correspondant
Distribution des résultats
% des personnes avec chaque résultat
Percentile par nombre de réponses
Votre historique - résultats
Vous n’avez pas pris ce quiz